000 00498nam a22001932 4500
001 0000002910
005 20170406114611.0
008 140422s xx 000 0 eng d
020 _c$
040 _aYour Holding Symbol
_cYour Holding Symbol
100 1 _aMayer.J.P.
245 1 0 _aDemocracy in america.
250 _a ed.
260 _aNew york :
_bDoubleday,
_c1969.
300 _a778 p. ;
_c cm.
504 _aindex.
650 0 _apolitics democracy.
908 _a140422
999 _c2793
_d2793